<?xml version="1.0" encoding="UTF-8"?>
<collection xmlns="http://www.loc.gov/MARC21/slim">
 <record>
  <leader>00861nam a22003011a 4500</leader>
  <controlfield tag="001">000041224</controlfield>
  <controlfield tag="003">17524</controlfield>
  <controlfield tag="005">20170330000000.0</controlfield>
  <controlfield tag="008">170330s2016    vm            000   eng</controlfield>
  <datafield tag="041" ind1=" " ind2=" ">
   <subfield code="a">eng</subfield>
  </datafield>
  <datafield tag="082" ind1=" " ind2=" ">
   <subfield code="a">428</subfield>
   <subfield code="b">TR-K</subfield>
  </datafield>
  <datafield tag="100" ind1=" " ind2=" ">
   <subfield code="a">TRAN THI KIEU</subfield>
  </datafield>
  <datafield tag="245" ind1=" " ind2=" ">
   <subfield code="a">A study of loss meaning in the vietnamese - english translation of hotel brochures</subfield>
   <subfield code="c">Tran Thi Kieu</subfield>
  </datafield>
  <datafield tag="260" ind1=" " ind2=" ">
   <subfield code="a">DHNN</subfield>
   <subfield code="c">2016</subfield>
  </datafield>
  <datafield tag="300" ind1=" " ind2=" ">
   <subfield code="a">63tr . : ill ; 30cm</subfield>
  </datafield>
  <datafield tag="650" ind1=" " ind2=" ">
   <subfield code="a">vietnamese - english translation, loss meaning .</subfield>
  </datafield>
  <datafield tag="852" ind1=" " ind2=" ">
   <subfield code="b">Chuyên đề</subfield>
   <subfield code="c">Luận văn sinh viên 2</subfield>
  </datafield>
  <datafield tag="OWN" ind1=" " ind2=" ">
   <subfield code="a">LNN</subfield>
  </datafield>
  <datafield tag="999" ind1=" " ind2=" ">
   <subfield code="a">From the UDN01</subfield>
  </datafield>
  <datafield tag="TYP" ind1=" " ind2=" ">
   <subfield code="a">Monograph</subfield>
  </datafield>
  <datafield tag="TYP" ind1=" " ind2=" ">
   <subfield code="a">Printed language</subfield>
  </datafield>
  <datafield tag="980" ind1=" " ind2=" ">
   <subfield code="a">Mạng thư viện Đại học Đà Nẵng</subfield>
  </datafield>
 </record>
</collection>
